Catalog

Record Details

Catalog Search



Available copies

  • 2 of 2 copies available at LARL/NWRL Consortium. (Show)
  • 1 of 1 copy available at Northwest Regional Library.

Current holds

0 current holds with 2 total copies.

Show Only Available Copies
Location Call Number / Copy Notes Barcode Shelving Location Status Due Date
Roseau Public Library GRI (Text) 35500003962550 Main Available -

Record details

  • ISBN: 0060831138 (acid-free paper)
  • ISBN: 9780060831134
  • Physical Description: 328 p. ; 24 cm.
  • Edition: 1st ed.
  • Publisher: New York : HarperCollins, c2007.
Subject: Swyteck, Jack (Fictitious character) > Fiction.
Attorney and client > Fiction.
Miami (Fla.) > Fiction.
Genre: Legal stories.
Suspense fiction.
LDR 01746nam a22004098a 4500
00173578
003LARL_NWRL_CONSORTIUM
00520061018154126.0
008060331s2007 nyu 000 1 eng
010 . ‡a2006043515
020 . ‡a0060831138 (acid-free paper)
020 . ‡a9780060831134
035 . ‡a(OCoLC)65644706
040 . ‡aDLC ‡cDLC ‡dBAKER
043 . ‡an-us-fl
08200. ‡a813/.5 ‡222
1001 . ‡aGrippando, James, ‡d1958- ‡0(LARL_NWRL_CONSORTIUM)124102
24510. ‡aWhen darkness falls ‡n#6 / ‡cJames Grippando.
250 . ‡a1st ed.
260 . ‡aNew York : ‡bHarperCollins, ‡cc2007.
300 . ‡a328 p. ; ‡c24 cm.
4900 . ‡aJack Swyteck ; ‡v6
650 0. ‡aSwyteck, Jack (Fictitious character) ‡vFiction.
650 0. ‡aAttorney and client ‡vFiction. ‡0(LARL_NWRL_CONSORTIUM)163330
651 0. ‡aMiami (Fla.) ‡vFiction. ‡0(LARL_NWRL_CONSORTIUM)166033
655 7. ‡aLegal stories. ‡2gsafd
655 7. ‡aSuspense fiction. ‡2gsafd
901 . ‡a73578 ‡bOCLC ‡c73578 ‡tbiblio

Additional Resources